Least Broadcasted of the Three Quiz Stats

 Plays Quiz Updated Jun 11, 2019

Score 0/16 Timer 04:00
4 Plays Today
Question Answer Wrong Answers
Kids Choice
84 - 117 - 293
Ricky, Nicky, Dicky, Dawn
78.1%
Brady Bunch
13.6%
Beverly Hills, 90210
5.5%
Animated adult shows
103 - 297 - 662
Archer
71.1%
South Park
24.5%
The Simpsons
1.6%
The game is on
361 - 7,000+ - 8,000+
The Amazing Race
70.4%
Wheel of Fortune
2.8%
Jeopardy!
23.9%
Business above all
58 - 92 - 201
House of Lies
61.8%
Mad Men
29.2%
The Office (US)
6.2%
Groups of friends
180 - 208 - 236
Desperate Housewives
59.7%
How I Met Your Mother
30%
Friends
7.3%
Patriotic
96 - 155 - 204
Homeland
59.1%
The West Wing
11.5%
24
26.4%
Famous families
151- 210 - 232
Malcolm in the Middle
56.5%
Everybody Loves Raymond
11.4%
Modern Family
29.2%
Timeless classics
96 - 180 - 207
The Partridge Family
54.3%
I Love Lucy
16.9%
All in the Family
25.9%
Court of the lawyers
112 - 172 - 194
Ally McBeal
52.5%
L.A. Law
16.5%
Matlock
28.2%
Talk Shows
2,817 - 4,240 - 4,561
The Ellen DeGeneres Show
52.4%
Late Show with David Letterman
19.4%
The Oprah Winfrey Show
25.2%
Fantasy worlds and creatures
73 - 131 - 218
Game of Thrones
51.5%
The Walking Dead
24.7%
The X-Files
20.9%
Hospital dramas
137 - 176 - 342
St. Elsewhere
50.4%
House M.D.
27.4%
Grey's Anatomy
19.2%
Science?
80 - 156 - 279
Star Trek: The Original Series
46.8%
The Twilight Zone
35.8%
The Big Bang Theory
14.4%
Street Cops
111 - 146 - 261
Miami Vice
38.3%
Hill Street Blues
38.6%
NYPD Blue
20.2%
Crime investigation
197 - 246 - 314
CSI: NY
37.3%
Bones
42%
Criminal Minds
17.8%
Eponymous sitcoms
180 - 231 - 264
Seinfeld
24.3%
Roseanne
48.5%
Frasier
24.2%

You're not logged in!

Compare scores with friends on all Sporcle quizzes.
OR
Log In

Sporcle TV

Today on Sporcle TV


Watch our educational content, quiz creation guides, and fun videos on Sporcle TV.

Show Comments

Extras

Top Quizzes Today


Score Distribution

Your Account Isn't Verified!

In order to create a playlist on Sporcle, you need to verify the email address you used during registration. Go to your Sporcle Settings to finish the process.

Report this User

Report this user for behavior that violates our Community Guidelines.

Details: